000 00494nam a2200157 i 4500
001 83373
003 ES-MaACL
005 20230906174821.0
007 t|
008 041116s1972 sp ||||1| spa d
245 0 0 _aEstadística de protestos de letras de cambio
_b: año 1971 /
_cInstituto Nacional de Estadística.
260 _aMadrid :
_b[s.n.,
_c1972]
300 _a101 p. ;
_c27 cm.
710 2 _aInstituto Nacional de Estadística (España)
_95162
852 _aES-MaACL
_jC-47728
_bR.84594
999 _c83373
_d83373